000 00676cam a2200253 i 4500
001 4599244
003 NUST - PNEC
005 20170116180954.0
008 760922s1977 nyua b 001 0 eng
010 _a 76045812
020 _a0071004432
020 _a0070249237
040 _cLIBRARY
050 0 0 _aTK7816
_b.G75 1977
082 0 0 _a621.381 GRO
100 1 _aGrob, Bernard.
245 1 0 _aBasic electronics /
_cBernard Grob.
250 _a1st matric ed.
260 _aNew York :
_bGregg Division,
_cc1977.
300 _axv, 768 p. :
_bill. ;
_c24 cm.
650 0 _aElectronics.
_xEL, EE
906 _a7
_bcbc
_corignew
_d1
_eocip
_f19
_gy-gencatlg
942 _2ddc
_cBK
999 _c66504
_d66504